| 000 | 00738nam a22002057a 4500 | ||
|---|---|---|---|
| 005 | 20251108164653.0 | ||
| 008 | 250721s2009 xx 000 0 ara d | ||
| 082 | 1 | 4 | _a657.9/حنا |
| 100 | 1 |
_aحنان، رضوان حلوه _eمؤلف |
|
| 245 | 1 | 0 | _aمحاسبة الشركات: أموال - أشخاص : التأصيل النظري و التطبيق العملي / |
| 264 | 1 |
_aعمان : _bدار إثراء للنشر و التوزيع، _c2009. |
|
| 300 | _a328 ص. | ||
| 650 | 1 | 7 | _aالمحاسبه |
| 650 | 1 | 7 | _aالسجلات الماليه |
| 650 | 1 | 7 | _aالشركات |
| 700 | 1 |
_aالعبادي، هيثم _eمؤلف |
|
| 700 | 1 |
_aأبو جاموس، فوز الدين _eمؤلف |
|
| 942 |
_2ddc _cBK |
||
| 999 |
_c11430 _d11430 |
||